书目信息 |
| 题名: |
计算机文化基础操作教程
|
|
| 作者: | 吴洪森 主编 | |
| 分册: | ||
| 出版信息: | 杭州 浙江大学出版社 2005.3 |
|
| 页数: | 244页 | |
| 开本: | 26cm | |
| 丛书名: | ||
| 单 册: | ||
| 中图分类: | TP3-43 | |
| 科图分类: | ||
| 主题词: | 电子计算机--dian zi ji suan ji--教材 | |
| 电子资源: | ||
| ISBN: | 7-308-04107-7 | |
| 000 | 00886nam0 2200217 45 | |
| 001 | 012005000000 | |
| 005 | 20061026170104.84 | |
| 010 | @a7-308-04107-7@dCNY28.00 | |
| 100 | @a20051119d2005 em y0chiy0121 ea | |
| 101 | 0 | @achi |
| 102 | @aCN@b330000 | |
| 105 | @ay z 000yy | |
| 200 | 1 | @a计算机文化基础操作教程@Aji suan ji wen hua ji chu cao zuo jiao cheng@eWindows 2000,Word 2000,Excel 2000,PowerPoint 2000,Internet,FrontPage 2000@f吴洪森主编 |
| 210 | @a杭州@c浙江大学出版社@d2005.3 | |
| 215 | @a244页@d26cm | |
| 330 | @a本书从实用的角度出发,将Windows 2000,Word 2000,Excel 2000,PowerPoint 2000,Internet及FrontPage 2000的使用分解为35个供上机操作的实验。每个实验都给出了大量的操作实例和屏幕实例显示。 | |
| 606 | 0 | @a电子计算机@Adian zi ji suan ji@j教材 |
| 690 | @aTP3-43@v4 | |
| 701 | 0 | @a吴洪森@Awu hong sen@4主编 |
| 801 | 0 | @aCN@c20061026 |
| 905 | @a10447@dTP3-43@eW790 | |
| 计算机文化基础操作教程:Windows 2000,Word 2000,Excel 2000,PowerPoint 2000,Internet,FrontPage 2000/吴洪森主编.-杭州:浙江大学出版社,2005.3 |
| 244页;26cm |
| ISBN 7-308-04107-7:CNY28.00 |
| 本书从实用的角度出发,将Windows 2000,Word 2000,Excel 2000,PowerPoint 2000,Internet及FrontPage 2000的使用分解为35个供上机操作的实验。每个实验都给出了大量的操作实例和屏幕实例显示。 |
| ● |
| 相关链接 |
|
|
|
正题名:计算机文化基础操作教程
索取号:TP3-43/W790
 
预约/预借
| 序号 | 登录号 | 条形码 | 馆藏地/架位号 | 状态 | 备注 |
| 1 | 631125 | 206311258 | 自科二线404/404自科库 11排2列3层/ [索取号:TP3-43/W790] | 在馆 | |
| 2 | 631126 | 206311267 | 自科库301/301自科库 44排7列5层/ [索取号:TP3-43/W790] | 在馆 | |
| 3 | 631127 | 206311276 | 自科库301/301自科库 44排7列5层/ [索取号:TP3-43/W790] | 在馆 |